| 000 | 00558nam a22001577a 4500 | ||
|---|---|---|---|
| 999 |
_c534558 _d534558 |
||
| 020 | _qHard Cover. | ||
| 082 | _a660 | ||
| 100 | _aMutawara Mahmood Baig | ||
| 245 |
_aCatalytic activity and Kinetic studies of Ferrite TiO2 core shell nano structures for photocatalysis / _cMutawara Mahmood Baig. |
||
| 260 |
_aIslamabad : _bSCME - NUST, _c2016. |
||
| 300 |
_avi, 46 p. ill. ; _c30cm. |
||
| 942 |
_2ddc _cTHE |
||
| 650 |
_aChemical Engineering - MS Thesis. _916130 |
||
| 700 |
_aDr. Erum Pervaiz. _916393 |
||